000 00635nam a22002052 4500
001 0000000305
005 20151021151045.0
008 070122s xx 000 0 eng d
020 _a0521663504 :
_cKES 3,950
040 _aKABU
_cKABU
050 0 _aQA76.9
_b.D35O33
100 1 _aOkasaki, Chris.
_@0000148425
245 1 0 _aPurely functional data structures /
_cChris Okasaki.
260 _aCambridge :
_bCambridge University Press,
_c1998.
300 _ax, 220 p.
650 0 _aData structures (Computer science)
_@0000148379
908 _a070122
950 _@1
999 _c164
_d164